De top 15 grootste landen in Azie (Dutch) - Statistieken

Algemene statistieken
  • Deze quiz is 160 keer genomen
  • De gemiddelde score is 13 van 15
Antwoordstatistieken
km² Antwoord % Correct
9.596.961 China
100%
3.287.263 India
99%
1.564.116 Mongolie
98%
1.910.931 Indonesie
97%
2.206.714 Saoedi-Arabie
95%
2.724.900 Kazachstan
94%
1.628.750 Iran
93%
796.095 Pakistan
91%
652.864 Afghanistan
85%
447.400 Oezbekistan
85%
513.120 Thailand
85%
783.562 Turkije
83%
488.100 Turkmenistan
82%
676.577 Myanmar
74%
527.968 Jemen
69%
Geen overeenkomende quizzen gevonden
Scoreverdeling
Procent van Mensen met Elke Score
Percentiel versus Aantal Correcte Antwoorden
Uw Scoregeschiedenis
U heeft deze quiz nog niet genomen